00873nam a22001097a 4500040000800000082002700008100002000035245057000055260002600625300002500651856008700676 cRUA aAVM HEA 2010 B096 Or.1 aHEAK, CHHAIDEN. aEffect of fresh pumpkin (Cucurbita pepo L.) leaves and shrimp by-product supplementation on C.P concentrate on growth rate of avian broiler at animal experimental station of rua, ឥទ្ធិពលនៃការបន្ថែមស្លឹកល្ពៅស្រស់ និងអនុផលបង្គាលើចំណីផ្សំC.P​ លើការលូតលាស់មាន់សាច់AVIAN នៅស្ថានីយពិសោធន៍សត្វនៃសាកលវិទ្យាល័យភូមិន្ទកសិកម្ម aPhnom PenhbRUAc2010 ax; 45p.bill.c29cm. uhttps://drive.google.com/file/d/1MeKnt3ciyHENosBgpWjWa_ewTdjq_3CO/view?usp=sharing